000 00737nam a2200289Ia 4500
005 20260324114157.0
008 008 260324s9999 xx 000 0 eng d
020 _a9781003088424
037 _aEBOOK
040 _aCRL
040 _beng
040 _cCRL
041 _2eng
041 _aeng
084 _qCRL
100 _aClaudia M. Haros; María Reguera; Norma Sammán; Octavio Paredes-López
_91149738
245 0 _aLatin-American Seeds
245 0 _bAgronomic, Processing and Health Aspects
260 _bTaylor and Francis
260 _c2023
365 _a
365 _b370
856 _uhttp://www.taylorfrancis.com/books/9781003088424
942 _cEBOOK
999 _c1739774
_d1739774